| 000 | 00445nam a2200193Ia 4500 | ||
|---|---|---|---|
| 005 | 20240823052229.0 | ||
| 008 | 240823s9999||||xx |||||||||||||| ||und|| | ||
| 020 | _a978-81-7596-650-5 | ||
| 041 | _aENGLISH | ||
| 082 | _A808.042 P9 | ||
| 100 | _aCheryl Rao et al. | ||
| 245 | 0 | _aAnyone Can Write | |
| 250 | _a1st | ||
| 260 |
_c2009 _bFoundation Books PV |
||
| 500 | _aYES | ||
| 650 |
_aGeneral _bGeneral |
||
| 942 | _cBK | ||
| 999 |
_c221385 _d221385 |
||